প্রাচীন কবিওয়ালার গান / (Record no. 54608)
[ view plain ]
| 000 -LEADER | |
|---|---|
| fixed length control field | 00984nam a2200241 a 4500 |
| 001 - CONTROL NUMBER | |
| control field | 54608 |
| 003 - CONTROL NUMBER IDENTIFIER | |
| rucl marc code | BD-RjUL |
| 005 - DATE AND TIME OF LATEST TRANSACTION | |
| control field | 20211209080138.0 |
| 008 - FIXED-LENGTH DATA ELEMENTS--GENERAL INFORMATION | |
| fixed length control field | 161108s1958 ii ||||| |||| 00| 0 ben d |
| 020 ## - INTERNATIONAL STANDARD BOOK NUMBER | |
| Terms of availability | : Tk. 15.00 |
| 035 ## - SYSTEM CONTROL NUMBER | |
| System control number | (BD-RjUL)54730 |
| 040 ## - CATALOGING SOURCE | |
| Original cataloging agency | BD-RjUL |
| Language of cataloging | ben |
| Transcribing agency | BD-RjUL |
| 041 ## - LANGUAGE CODE | |
| Language code of text/sound track or separate title | ben |
| 082 ## - DEWEY DECIMAL CLASSIFICATION NUMBER | |
| Edition number | 23 |
| Classification number | 891.21 |
| Author mark and year | PRA 1958 |
| 245 00 - TITLE STATEMENT | |
| Title | প্রাচীন কবিওয়ালার গান / |
| Statement of responsibility, etc. | প্রফুল্লচন্দ্র পাল সম্পাদিত |
| 260 ## - PUBLICATION, DISTRIBUTION, ETC. (IMPRINT) | |
| Place of publication, distribution, etc. | কলিকাতা : |
| Name of publisher, distributor, etc. | কলিকাতা বিশ্ববিদ্যালয়, |
| Date of publication, distribution, etc. | ১৯৫৮ |
| 300 ## - PHYSICAL DESCRIPTION | |
| Pagination | [১১২], ৫৬৫ পৃ. ; |
| Size | ২৪ সেমি. |
| 504 ## - BIBLIOGRAPHY, ETC. NOTE | |
| Bibliography, etc | গ্রন্থপঞ্জি সংযুক্ত |
| 650 ## - SUBJECT ADDED ENTRY--TOPICAL TERM | |
| Topical term or geographic name as entry element | সংস্কৃত কবিতা |
| 9 (RLIN) | 162876 |
| Topical term or geographic name as entry element | Sanskrit Poetry |
| 9 (RLIN) | 162877 |
| 700 ## - ADDED ENTRY--PERSONAL NAME | |
| Personal name | পাল, প্রফুল্লচন্দ্র, সম্পাদক |
| 942 ## - ADDED ENTRY ELEMENTS (KOHA) | |
| Source of classification or shelving scheme | Dewey Decimal Classification |
| Koha item type | Books |
| Lost status | Source of classification or shelving scheme | Damaged status | Not for loan | Collection code | Permanent Location | Current Location | Shelving location | Date acquired | Source of acquisition | Cost, normal purchase price | Total Checkouts | Full call number | Date last seen | Date checked out | Copy number | Koha item type |
|---|---|---|---|---|---|---|---|---|---|---|---|---|---|---|---|---|
| Dewey Decimal Classification | Non-fiction | Central Library, University of Rajshahi | Central Library, University of Rajshahi | 18/02/1967 | Nawroge | 18.75 | 1 | B 891.21 PRA 1958 | 25/05/2022 | 24/05/2022 | C-2 | Books | ||||
| Dewey Decimal Classification | Non-fiction | Central Library, University of Rajshahi | Central Library, University of Rajshahi | 20/11/1962 | Kamala book | 15.00 | 1 | B 891.21 PRA 1958 | 26/06/2022 | 24/05/2022 | C-3 | Books | ||||
| Dewey Decimal Classification | Non-fiction | Central Library, University of Rajshahi | Central Library, University of Rajshahi | 20/11/1962 | Kamala book | 15.00 | B 891.21 PRA 1958 | 14/11/2016 | C-4 | Books | ||||||
| Dewey Decimal Classification | Non-fiction | Central Library, University of Rajshahi | Central Library, University of Rajshahi | 20/11/1962 | Kamala book | 15.00 | B 891.21 PRA 1958 | 14/11/2016 | C-5 | Books | ||||||
| Dewey Decimal Classification | Non-fiction | Central Library, University of Rajshahi | Central Library, University of Rajshahi | 20/11/1962 | Kamala book. | 15.00 | B 891.21 PRA 1958 | 20/11/2016 | C-6 | Books | ||||||
| Dewey Decimal Classification | Non-fiction | Central Library, University of Rajshahi | Central Library, University of Rajshahi | 04/10/1963 | N/A | 15.00 | B 891.21 PRA 1958 | 20/11/2016 | C-9 | Books | ||||||
| Dewey Decimal Classification | Non-fiction | Central Library, University of Rajshahi | Central Library, University of Rajshahi | 04/10/1963 | N/A | 15.00 | B 891.21 PRA 1958 | 20/11/2016 | C-8 | Books | ||||||
| Dewey Decimal Classification | Non-fiction | Central Library, University of Rajshahi | Central Library, University of Rajshahi | 04/10/1963 | N/A | 15.00 | B 891.21 PRA 1958 | 27/11/2016 | C-10 | Books | ||||||
| Dewey Decimal Classification | Non-fiction | Central Library, University of Rajshahi | Central Library, University of Rajshahi | 07/10/1959 | Dhaka,Provincial Book | 15.00 | B 891.21 PRA 1958 | 28/11/2016 | C-1 | Books |